000 01131cam a2200289 a 4500
005 20140925154058.0
008 130213s2013 dcu b 001 0 eng
010 _a2013006020
020 _a9781585624669 (pbk. : alk. paper)
035 _a(DNLM)101602178
040 _aDNLM/DLC
_cDLC
_dDLC
042 _apcc
050 0 0 _aRC 470
_b.N87 2013
100 1 _aNussbaum, Abraham M.,
_d1975-
245 1 4 _aThe pocket guide to the DSM-5 diagnostic exam /
_cAbraham M. Nussbaum.
246 1 _aPocket guide to the Diagnostic and statistical manual of mental disorders-5 diagnostic exam.
246 1 _aPocket guide to the Diagnostic and statistical manual of mental disorders-five diagnostic exam.
250 _a1st ed.
260 _aWashington, DC :
_bAmerican Psychiatric Publishing,
_c©2013.
300 _aviii, 273 pages ;
_c21 cm.
630 0 2 _aDiagnostic and statistical manual of mental disorders.
_s5th ed.
650 1 2 _aInterview, Psychological
_xmethods.
650 2 2 _aMental Disorders
_xdiagnosis.
650 2 2 _aPhysician-Patient Relations.
710 2 _aAmerican Psychiatric Association.
942 _2lcc
_cBK
_kFOR
999 _c275887
_d275887